000 01677cam a2200409 i 4500
001 AHR9815BB
003 EG-ScBUE
005 20240331130848.0
008 970220t1993 it a f bc 000 0 eng d
020 _a8870628051
020 _a9788870628050
035 _a(InU)AHR9815BB
035 _a(OCoLC)ocm29767872
040 _aDDO
_beng
_erda
_cDDO
_dUMC
_dC3L
_dEG-ScBUE
043 _af-ua---
_ae-hu---
082 0 4 _a932.023074439
_bTOR
_222
100 1 _aTörök, László,
_d1941-
_eauthor.
245 1 0 _aCoptic antiquities /
_cby László Török.
264 1 _a[Roma] :
_b"L'Erma" di Bretschneider,
_c[1993]
264 4 _cc1993
300 _a1 volume (various pagings) :
_billustrations (some color) ;
_c29 cm.
336 _2rdacontent
_atext
_btxt
337 _aunmediated
_2rdamedia
_bn
338 _avolume
_bnc
_2rdacarrier
490 0 _aBibliotheca archaeologica ;
_v11
490 0 _aMonumenta antiquitatis extra fines Hungariae reperta ;
_v2
504 _aIncludes bibliographical references.
505 2 _aI. Stone sculpture, bronze objects, ceramic coffin lids and vessels, terracotta statuettes, bone, wood and glass artefacts.
520 _a"In this second volume of the Coptic Antiquities 217 textiles are published from the collections of two Budapest museums: the Museum of Fine Arts and the Museum of Applied Arts"--Introduction to v. 2.
610 2 7 _aSzépmʺuvészeti Múzeum (Hungary)
_xCatalogs.
_2BUEsh
610 2 7 _aIparmʺuvészeti Múzeum (Hungary)
_xCatalogs.
_2BUEsh
650 7 _aCoptic art
_xCatalogs.
_2BUEsh
651 7 _aEgypt
_xAntiquities
_xCatalogs.
_2BUEsh
653 _bENGGEN
_cMay2019
655 _vReading book
942 _2ddc
_cBB
999 _c27488
_d27459